00997namaa2200205 i 4500001000700000003000900007005001700016008004100033080001900074100004300093245011700136260011100253300004700364490007900411650003900490700004800529710007600577830007900653852005900732174146ES-MaACL20250815105803.0100224s1916 sp | |||| ||spa d a551.79(460.28)1 aFernández Navarro, Lucas,d1869-193010aDatos topológicos del cuaternario de Castilla la Nueva / cpor L. Fernández Navarro y J. Gómez de Llarena. aMadrid : bJunta para Ampliación de Estudios e Investigaciones Científicas,c1916 (fImp. de Fontanet) a26 p., VII h. de lám. : bil. ; c23 cm.1 aTrabajos del Museo Nacional de Ciencias Naturales. Serie geológica ;v18 4aCuaternario-zCastilla -La Mancha.1 aGómez de Llarena, Joaquín (d1891-1979)2 aJunta para la Ampliación de Estudios e Investigaciones Científicas.00aTrabajos del Museo Nacional de Ciencias Naturales. pSerie geológicav18 aES-MaACLjB-13128(6) z.- Encuadernado con otras obras